000 00647nam a2200205 i 4500
001 36879
003 ES-MaACL
005 20250820122759.0
007 t|
008 030219s1957 sp ||||1| cat d
100 1 _aBrazés, Edmond.
_931530
245 1 2 _aL'Ocell de les cireres
_b: poemes /
_cEdmond Brazés ; amb tres paraules de Josep-Sebastià Pons.
260 _aBarcelona :
_bBarcino,
_c1957 (
_fSallent)
300 _a108 p. ;
_c19 cm.
490 1 _aTramontana ;
_v1
700 1 _aPons, Josep Sebastià,
_d1886-1962
_992994
830 0 _aTramontana ;
_v1
_9187596
852 _aES-MaACL
_jC-13852
_bR.42104
999 _c36879
_d36879